000 00240nam a22000977a 4500
008 160530b xxu||||| |||| 00| 0 eng d
082 _a541.3
_bK141t
100 _aKapoor, K L
245 _aA text book of physical chemistry
942 _2ddc
_cGEN
999 _c78394
_d78383